000 00600nam a22001697a 4500
082 _a928.914
_bFAR
100 _aFareed,Muhammad
245 _aFikr e Iqbal or Nojawan /
_cMuhammad Fareed,
260 _aIslamabad;
_bIlmo Agahi Publishers;
_c2018.
300 _a208 p. :
_c24cm.
563 _aPB
650 _aIqbal Muhammad Philosophy
_9129718
880 _6100-01\(3\r
_aمحمد فرید.
880 _6245-02\(3\r
_aفکرِ اقبال اور نوجوان/
_bمحمد فرید,
880 _6260-03\(3\r
_aاسلام آباد ;
_bعلم و آگاہی پبلشرز,
_c2018.
942 _2ddc
_cBK
999 _c614276
_d614276